000 03635nam a22002777a 4500
003 DO-SdBNP
005 20230508092720.0
008 210224b2017 dr ||| 00| 0 spa d
020 _a9789945600971
040 _aBPMSU
_bspa
_cBPMSU
082 _a972.9304
_bP438l 2017
_222
100 1 _aPérez Pérez, Manuel Otilio
_d1947-
245 1 3 _aEl legado imperecedero de Tomás Bobadilla :
_bcreador y organizador del Estado dominicano /
_cManuel Otilio Pérez Pérez ; prólogo Julio Ramírez
260 _aSanto Domingo :
_bBúho,
_c2017
300 _a213 p.:
_bil.
_c23 cm.
500 _aincluye datos biográficos del autor, en la solapa de la cubierta .
500 _aIncluye referencias bibliográficas y notas al pie de las páginas
504 _aBibliografía : p. 211-213
505 0 _aPrólogo – Introducción -- De colonia española a colonia francesa -- De colonia francesa a colonia española -- De España boba a independencia efímera -- Independencia efímera a dominación haitiana -- Tomás Bobadilla y su movimiento separatista -- Representación de la junta popular, 8 de junio 1843, 35.-- Sánchez y Mella se aliaron a Bobadilla -- Proyecto separatista en las Matas de Farfán -- Movimiento separatista del señor Pimentel en las Matas de Farfán -- Antonio López Villanueva y Tomás Bobadilla -- Memorias de Antonio López Villanueva -- Tomás Bobadilla y Gaspar Hernández -- Del padre Gaspar Hernández al gobernador de Puerto Rico -- Tomás Bobadilla Briones: autor del manifiesto del 16 de enero de 1844 -- Trascendencia de la manifestación del 16 de enero de 1844 -- El plan Levasseur -- Bobadilla no aparece entre los firmantes del plan Levasseur. No tenía calidad. Eso era asunto de diputados constituyentes y Bobadilla no lo era -- A los amantes de la libertad -- Pro Báez -- Dominicanos afrancesados -- Carta del general J. M. Imbert a Saint Denys -- Tomás Bobadilla antiesclavista y abolicionista -- El pensamiento antiesclavista de Tomás Bobadilla y Briones -- Bobadilla y la proclamación de la República Dominicana -- Tomás Bobadilla y el 28 de febrero de 1844 -- La revolución de la independencia fue eminentemente antiesclavista -- Tomás Bobadilla Briones primer y único presidente de la junta provisional gubernativa -- Entregas de la plaza de Santo Domingo -- Bobadilla ordenador del estado dominicano -- Bobadilla y la nacionalidad dominicana -- Comunicación solicitando protección a Francia -- Tramitación de la solicitud del protectorado a Francia -- Tomás Bobadilla y los haitianos -- El Partido Pro-haitiano -- Lista de los asistentes al baluarte de el Conde, la noche del 27 de febrero y los días 28 y 29, encabezados por Bobadilla -- Bobadilla y el nombre del nuevo estado República Dominicana -- Tomás Bobadilla y el nombre del nuevo estado de República Dominicana -- Francisco Sánchez y Tomás Bobadilla Briones -- Las insubordinaciones de Francisco Sánchez -- Reiteración de la solicitud de protección de Francia -- Tomás Bobadilla Briones y La Independencia -- Francisco del Rosario Sánchez y el 27 de Febrero -- Ascensos militares. La oficialidad del ejército de Santo Domingo -- Golpe de estado del 9 de junio de 1844 -- Tercera solicitud de protección a Francia -- Miembros de la Junta Central Gubernativa -- El legado imperecedero de Tomás Bobadilla.
590 _aInventariado/ 2021/MC
600 1 4 _aBobadilla y Briones, Tomás,
_d1785-1871
_xPensamiento político
650 4 _aPolíticos dominicanos
_zRepública Dominicana
_yHistoria, 1844-1861
_x
700 1 _a Ramírez, Julio
_epról.
910 _aMCabrera /VMateo V.
942 _2ddc
_cBK
999 _c13379
_d13379